Four Letter Shakespeare Quiz Stats

 Plays Quiz Updated Sep 15, 2019

Score 0/10 Timer 02:30
0 Plays Today
First letter 4-letter word % Correct
KKing
89%
LLear
80.9%
JJohn
73.3%
LLost
62.7%
WWell
61%
TThat
58.5%
EEnds
55.6%
LLike
52.7%
MMuch
51.7%
TTale
38.8%

You're not logged in!

Compare scores with friends on all Sporcle quizzes.
OR
Log In

Sporcle TV

Today on Sporcle TV


Watch our educational content, quiz creation guides, and fun videos on Sporcle TV.

Show Comments

Extras

Top Quizzes Today


Score Distribution

Your Account Isn't Verified!

In order to create a playlist on Sporcle, you need to verify the email address you used during registration. Go to your Sporcle Settings to finish the process.

Report this User

Report this user for behavior that violates our Community Guidelines.

Details: